CTET Central Teacher Eligibility Test Paper-II Mathematics and Science: (Record no. 184282)

MARC details
000 -LEADER
fixed length control field 00591nam a22001817a 4500
005 - DATE AND TIME OF LATEST TRANSACTION
control field 20220117145239.0
010 ## - LCCN (DPL NO)
LC control number ENG-131183
020 ## - INTERNATIONAL STANDARD BOOK NUMBER
International Standard Book Number 978-93-89872-05-7
Terms of availability 379.00
035 ## - SYSTEM CONTROL NUMBER
System control number EN-114715
037 ## - SOURCE OF ACQUISITION
Source of stock number/acquisition DBAD
082 ## - DEWEY DECIMAL CLASSIFICATION NUMBER
Classification number 500
245 ## - TITLE STATEMENT
Title CTET Central Teacher Eligibility Test Paper-II Mathematics and Science:
Remainder of title Solved Papers & Practice Tests/
Statement of responsibility, etc Exam Goalpost
260 ## - PUBLICATION, DISTRIBUTION, ETC. (IMPRINT)
Place of publication, distribution, etc New Delhi
Name of publisher, distributor, etc Dreamtech press
Date of publication, distribution, etc 2020
270 ## - ADDRESS
City New Delhi
Address 19-A,Ansari Road, Daryaganj
Postal code 110002
300 ## - PHYSICAL DESCRIPTION
Extent 452p.
Dimensions 26.cm(pbk)
700 ## - ADDED ENTRY--PERSONAL NAME
Personal name GOALPOST,EXAM
942 ## - ADDED ENTRY ELEMENTS (KOHA)
Source of classification or shelving scheme Dewey Decimal Classification
Item type English Books
Classification part 500
Call number suffix CTE
Holdings
Withdrawn status Lost status Not for loan Collection code Home library Current library Date acquired Source of acquisition Cost, normal purchase price Full call number Barcode Copy number Cost, replacement price Koha item type
      Non-fiction Central Library Central Library 17/01/2022 DBAD/PUB 379.00 500 CTE EN-114715 1 379.00 English Books

© Delhi Public Library
Hit Counter
free hit counter